The tipping point (Record no. 82013)
[ view plain ]
| 000 -LEADER | |
|---|---|
| fixed length control field | 00885cab a22002055a 4500 |
| 001 - CONTROL NUMBER | |
| control field | L148969 |
| 008 - FIXED-LENGTH DATA ELEMENTS--GENERAL INFORMATION | |
| fixed length control field | 091208e20091205xxkd f s 000 0 eng d |
| 035 ## - SYSTEM CONTROL NUMBER | |
| System control number | (Sirsi) u148969 |
| 041 0# - LANGUAGE CODE | |
| Language code of text/sound track or separate title | eng |
| 100 1# - MAIN ENTRY--PERSONAL NAME | |
| Personal name | Phillips, Mike |
| 245 04 - TITLE STATEMENT | |
| Title | The tipping point |
| 260 ## - PUBLICATION, DISTRIBUTION, ETC. | |
| Date of publication, distribution, etc. | 2009 |
| 490 ## - SERIES STATEMENT | |
| Series statement | Estates Gazette |
| Volume/sequential designation | (0948) 5 December 2009, 62-65(4) |
| 520 ## - SUMMARY, ETC. | |
| Summary, etc. | De Montfort University's "UK commercial property lending market 2009" reports outstanding debt to real estate fell from £225.bn at the end of 2008 to £224.1bn at the end of June 2009. Key findings include total net debt, new lending, loan breaches, refinancing v new loans, lending margins and loan to value ratios. |
| 590 ## - LOCAL NOTE (RLIN) | |
| Local note | KA |
| 650 24 - SUBJECT ADDED ENTRY--TOPICAL TERM | |
| Topical term or geographic name entry element | DE MONTFORT UNIVERSITY UK COMMERICAL PROPERTY LENDING MARKET |
| 651 #4 - SUBJECT ADDED ENTRY--GEOGRAPHIC NAME | |
| Geographic name | United Kingdom |
| Chronological subdivision | |
| 690 ## - LOCAL SUBJECT ADDED ENTRY--TOPICAL TERM (OCLC, RLIN) | |
| Topical term or geographic name as entry element | PROPERTY-COMMERCIAL PROPERTY-COMMERCIAL PROPERTY MARKET |
| 942 ## - ADDED ENTRY ELEMENTS (KOHA) | |
| Suppress in OPAC | 0 |
| Withdrawn status | Lost status | Source of classification or shelving scheme | Damaged status | Not for loan | Home library | Current library | Shelving location | Date acquired | Total Checkouts | Full call number | Barcode | Date last seen | Copy number | Price effective from | Koha item type |
|---|---|---|---|---|---|---|---|---|---|---|---|---|---|---|---|
| Dewey Decimal Classification | London | London | Journal article | 08/12/2009 | L148969 | 148969-1001 | 06/08/2019 | 1 | 06/08/2019 | Journal article |